00806nam a22002297a 4500003000500000005001700005008004100022010001000063011001000073020001500083035001100098040000900109082001800118100002500136245011900161260011000280300001100390490006500401650002600466650001900492830006500511CHAP20220817044054.0060118d2005 mx r 00110 spa d a91559 a92531 a9707040742 a103096 cCHAP04a378.0972bF561 aFlores Crespo, Pedro10aEducación superior y desarrollo humano :bel caso de tres universidades tecnológicasc/por Pedro Flores Crespo aMéxico, D. F. :bAsociación Nacional de Universidades e Instituciones de Educación Superior,c2005. a231 p. 0aBiblioteca de la educación superior. Serie investigaciones14aEducación superior.14aUniversidades.0 aBiblioteca de la educación superior. Serie investigaciones